[Event "OP-2012-0-02402"]
[Site "LSS email"]
[Date "2012.09.13"]
[Round "?"]
[White "Kovacs, Gyorgy"]
[Black "Vontina, Maria"]
[Result "0-1"]
[WhiteElo "613"]
[BlackElo "821"]
[PlyCount "32"]
[EventDate "2012.09.11"]
[EventType "tourn (corr)"]
[EventRounds "4"]
[EventCountry "GER"]
[SourceTitle "Corr 2015"]
[Source "ChessBase"]
[SourceDate "2015.07.17"]
[SourceVersion "1"]
[SourceVersionDate "2015.07.17"]
[SourceQuality "1"]

1. e4 e6 2. d4 d5 3. e5 c5 4. c3 Nc6 5. Nf3 Qb6 6. b3 Nge7 7. Be2 Ng6 8. Be3 cxd4 9. cxd4 Be7 10. 0-0 a6 11. Nc3 0-0 12. Re1 Bd7 13. Qd2 Rac8 14. Reb1 Ba3 15. Qc2 Nb4 16. Qd2 Rc7 0-1

[Event "ZN-2012-0-02047"]
[Site "LSS email"]
[Date "2012.09.10"]
[Round "?"]
[White "Kovacs, Gyorgy"]
[Black "Kratky, Josef"]
[Result "0-1"]
[WhiteElo "613"]
[BlackElo "1114"]
[PlyCount "36"]
[EventDate "2012.09.03"]
[EventType "match (corr)"]
[EventRounds "2"]
[EventCountry "GER"]
[SourceTitle "Corr 2015"]
[Source "ChessBase"]
[SourceDate "2015.07.17"]
[SourceVersion "1"]
[SourceVersionDate "2015.07.17"]
[SourceQuality "1"]

1. e4 c5 2. Nf3 g6 3. d4 cxd4 4. Nxd4 Bg7 5. Be3 Nf6 6. Bc4 Nxe4 7. Nd2 Nf6 8. 0-0 0-0 9. c3 d6 10. Qe2 Nc6 11. b3 Ne5 12. a4 Bd7 13. b4 Rc8 14. Bb3 Rxc3 15. Nb5 Bxb5 16. axb5 Neg4 17. Rxa7 Nxe3 18. fxe3 Qb6 0-1

[Event "ZN-2012-0-02047"]
[Site "LSS email"]
[Date "2012.09.10"]
[Round "?"]
[White "Kratky, Josef"]
[Black "Kovacs, Gyorgy"]
[Result "1-0"]
[WhiteElo "1114"]
[BlackElo "613"]
[PlyCount "41"]
[EventDate "2012.09.03"]
[EventType "match (corr)"]
[EventRounds "2"]
[EventCountry "GER"]
[SourceTitle "Telechess CBM 165"]
[Source "ChessBase"]
[SourceDate "2015.03.11"]
[SourceVersion "1"]
[SourceVersionDate "2015.03.11"]
[SourceQuality "1"]

1. g3 e5 2. c4 Nf6 3. Bg2 Bc5 4. Nc3 0-0 5. d3 Nc6 6. Nf3 d6 7. 0-0 Bg4 8. a3 Bxf3 9. Bxf3 Qd7 10. b4 Bd4 11. Bb2 Bxc3 12. Bxc3 Rfe8 13. b5 Ne7 14. Bxb7 Rab8 15. Bg2 c5 16. bxc6 Nxc6 17. Qa4 Rec8 18. Bxc6 Qxc6 19. Qxc6 Rxc6 20. Rab1 Rcb6 21. Rxb6 1-0

[Event "RN-2012-0-00529"]
[Site "LSS email"]
[Date "2012.09.08"]
[Round "?"]
[White "Tolnai, Rudolf"]
[Black "Kovacs, Gyorgy"]
[Result "1-0"]
[WhiteElo "888"]
[BlackElo "613"]
[PlyCount "41"]
[EventDate "2012.08.29"]
[EventType "tourn (corr)"]
[EventRounds "6"]
[EventCountry "GER"]
[SourceTitle "Telechess CBM 165"]
[Source "ChessBase"]
[SourceDate "2015.03.11"]
[SourceVersion "1"]
[SourceVersionDate "2015.03.11"]
[SourceQuality "1"]

1. e4 e5 2. Bc4 Nf6 3. d3 Bc5 4. Bg5 d6 5. h3 h6 6. Bh4 Bd7 7. Nf3 Qe7 8. a3 Nc6 9. c3 0-0-0 10. b4 Bb6 11. a4 a5 12. bxa5 Bxa5 13. 0-0 g5 14. Bg3 g4 15. hxg4 Nxg4 16. Bb5 Na7 17. Bxd7+ Qxd7 18. Nh4 Rdg8 19. Nf5 h5 20. Bh4 Qe6 21. Ne7+ 1-0

[Event "HUN-chT2 Erkel 0809"]
[Site "Hungary"]
[Date "2009.01.25"]
[Round "6.5"]
[White "Trajber, Csaba"]
[Black "Kovacs, Gyorgy"]
[Result "1-0"]
[WhiteElo "2084"]
[BlackElo "2140"]
[PlyCount "77"]
[EventDate "2008.10.26"]
[EventType "team-tourn"]
[EventRounds "11"]
[EventCountry "HUN"]
[SourceTitle "EXT 2010"]
[Source "ChessBase"]
[SourceDate "2010.11.25"]
[SourceVersion "1"]
[SourceVersionDate "2010.11.25"]
[SourceQuality "1"]
[WhiteTeam "Vaci"]
[BlackTeam "Godollo"]
[WhiteTeamCountry "HUN"]
[BlackTeamCountry "HUN"]

1. e4 c5 2. Nf3 Nc6 3. d4 cxd4 4. Nxd4 d6 5. Nc3 Nf6 6. Bg5 Bd7 7. Qd2 Nxd4 8. Qxd4 Qa5 9. h4 Bc6 10. f3 Nh5 11. Bc4 h6 12. Be3 Nf6 13. 0-0-0 Nd7 14. Rhe1 e6 15. Bf2 a6 16. Bg3 b5 17. Bb3 b4 18. Nd5 Bxd5 19. exd5 e5 20. f4 f6 21. Qd3 0-0-0 22. Kb1 Kb7 23. Re3 Rc8 24. Be1 Qb6 25. Ba4 Nc5 26. Bc6+ Ka7 27. Qc4 g5 28. fxg5 fxg5 29. Bxb4 Bg7 30. Ra3 Nb7 31. Bd2 Rc7 32. Be3 Nc5 33. b4 Rb8 34. Kc1 e4 35. Bg1 Be5 36. c3 Rf7 37. b5 e3 38. Bxe3 a5 39. Kb1 1-0

[Event "HUN-chT2 Erkel 0708"]
[Site "Hungary"]
[Date "2007.12.09"]
[Round "4"]
[White "Kovacs, Gyorgy"]
[Black "Papista, Akos"]
[Result "0-1"]
[WhiteElo "2146"]
[BlackElo "2177"]
[PlyCount "146"]
[EventDate "2007.10.14"]
[EventType "team"]
[EventRounds "11"]
[EventCountry "HUN"]
[SourceTitle "EXT 2009"]
[Source "ChessBase"]
[SourceDate "2008.11.26"]
[SourceVersion "1"]
[SourceVersionDate "2008.11.26"]
[SourceQuality "1"]
[WhiteTeam "Godollo"]
[BlackTeam "Keviterv"]
[WhiteTeamCountry "HUN"]
[BlackTeamCountry "HUN"]

1. e4 e5 2. Nc3 Nf6 3. g3 Nc6 4. Bg2 Bc5 5. d3 a6 6. Be3 d6 7. Nd5 Be6 8. a3 Bxe3 9. fxe3 Bxd5 10. exd5 Nb8 11. c4 Nbd7 12. Nh3 0-0 13. 0-0 h6 14. Kh1 g6 15. b4 a5 16. Qe2 Nh7 17. Nf2 f5 18. e4 f4 19. gxf4 Rxf4 20. Nh3 Rxf1+ 21. Rxf1 axb4 22. axb4 Qh4 23. Qf2 Qxf2 24. Nxf2 Ra4 25. Rb1 Ra3 26. Bh3 Nhf6 27. Kg2 Kf7 28. Kf3 Ke7 29. Ke3 Nh5 30. Bxd7 Kxd7 31. Rb2 Nf4 32. Rc2 Rb3 33. b5 Ra3 34. Rb2 b6 35. Rd2 Ke7 36. Kf3 Kf6 37. h4 h5 38. Rd1 Ra2 39. Kg3 Kf7 40. Kf3 Ke7 41. Kg3 Kf6 42. Kf3 Kg7 43. Kg3 Kh7 44. Kf3 Kh6 45. Kg3 Ra3 46. Kf3 Ra2 47. Kg3 Ne2+ 48. Kf3 Nd4+ 49. Kg3 g5 50. hxg5+ Kxg5 51. Nh3+ Kg6 52. Ng1 Ra3 53. Kf2 h4 54. Nf3 Ra2+ 55. Rd2 Rxd2+ 56. Nxd2 Kg5 57. Nf1 Kf4 58. Kg2 Nb3 59. Kh3 Nc1 60. Kxh4 Nxd3 61. Ng3 Nb2 62. Nh5+ Kxe4 63. Nf6+ Kd4 64. Kg4 Nxc4 65. Kf5 Kc5 66. Ke6 Kxb5 67. Kd7 Kc5 68. Kxc7 b5 69. Kd7 b4 70. Ke6 b3 71. Ne4+ Kd4 72. Nxd6 Nxd6 73. Kxd6 b2 0-1

[Event "HUN-chT2 Erkel 0708"]
[Site "Hungary"]
[Date "2007.11.11"]
[Round "2"]
[White "Hogye, Imre"]
[Black "Kovacs, Gyorgy"]
[Result "1-0"]
[WhiteElo "2119"]
[BlackElo "2146"]
[PlyCount "103"]
[EventDate "2007.10.14"]
[EventType "team"]
[EventRounds "11"]
[EventCountry "HUN"]
[SourceTitle "EXT 2009"]
[Source "ChessBase"]
[SourceDate "2008.11.26"]
[SourceVersion "1"]
[SourceVersionDate "2008.11.26"]
[SourceQuality "1"]
[WhiteTeam "Ujszasz"]
[BlackTeam "Godollo"]
[WhiteTeamCountry "HUN"]
[BlackTeamCountry "HUN"]

1. d4 d5 2. c4 e5 3. dxe5 d4 4. Nf3 Nc6 5. g3 Bg4 6. Nbd2 Qd7 7. Bg2 0-0-0 8. Qb3 h6 9. a3 Bh3 10. Bxh3 Qxh3 11. Qd3 Nge7 12. Nb3 g5 13. Bd2 Bg7 14. 0-0-0 Bxe5 15. Bb4 Rhe8 16. Bxe7 Rxe7 17. Kb1 Bg7 18. Rhg1 Qe6 19. Rd2 f5 20. Rgd1 Ree8 21. Nc5 Qf6 22. Qb3 b6 23. Nd3 Qe6 24. Qb5 Nb8 25. c5 c6 26. Qa4 Rd7 27. Rc2 b5 28. Qa5 Qb3 29. Nc1 Qd5 30. Ne1 f4 31. gxf4 gxf4 32. a4 Rb7 33. Ned3 Qf5 34. f3 Bf6 35. Nb3 a6 36. Qd2 Re3 37. Qb4 Rd7 38. Rg1 Rd8 39. Qa5 Rxd3 40. exd3 Qxd3 41. Nd2 Re8 42. Ne4 Bd8 43. Qd2 Qe3 44. Re1 Rxe4 45. fxe4 d3 46. Rxe3 dxc2+ 47. Kxc2 fxe3 48. Qxe3 Bg5 49. Qh3+ Kd8 50. Qe6 bxa4 51. Qd6+ Kc8 52. e5 1-0

[Event "HUN-chT2 Erkel 0708"]
[Site "Hungary"]
[Date "2007.10.14"]
[Round "1"]
[White "Kovacs, Gyorgy"]
[Black "Trajber, Csaba"]
[Result "1-0"]
[WhiteElo "2146"]
[BlackElo "2167"]
[PlyCount "107"]
[EventDate "2007.10.14"]
[EventType "team"]
[EventRounds "11"]
[EventCountry "HUN"]
[SourceTitle "EXT 2009"]
[Source "ChessBase"]
[SourceDate "2008.11.26"]
[SourceVersion "1"]
[SourceVersionDate "2008.11.26"]
[SourceQuality "1"]
[WhiteTeam "Godollo"]
[BlackTeam "Vaci"]
[WhiteTeamCountry "HUN"]
[BlackTeamCountry "HUN"]

1. d4 d5 2. c3 Nf6 3. Nf3 c5 4. Bf4 e6 5. e3 Bd6 6. Nbd2 0-0 7. Bd3 Nc6 8. Bg3 Qe7 9. Ne5 Bxe5 10. dxe5 Nd7 11. 0-0 f6 12. exf6 Nxf6 13. e4 b6 14. Re1 Qf7 15. Qe2 Bb7 16. Rad1 Nh5 17. Nf3 Nf4 18. Bxf4 Qxf4 19. exd5 exd5 20. Qe6+ Rf7 21. Bxh7+ Kxh7 22. Qxf7 Qxf7 23. Ng5+ Kg8 24. Nxf7 Kxf7 25. Rxd5 Rd8 26. Rxd8 Nxd8 27. f4 Ne6 28. g3 c4 29. b4 cxb3 30. axb3 Nc5 31. b4 Ne4 32. Ra1 a6 33. c4 Ke6 34. g4 Nd2 35. Re1+ Kf6 36. g5+ Kf7 37. Rd1 Nf3+ 38. Kf2 Ke6 39. Rd8 b5 40. cxb5 axb5 41. Rb8 Bc6 42. Rg8 Kf7 43. Rc8 Nd4 44. f5 Bd7 45. Rc7 Ke8 46. f6 gxf6 47. gxf6 Ne6 48. Rb7 Nf8 49. Ke3 Kf7 50. Kd4 Kxf6 51. Kc5 Ne6+ 52. Kd6 Be8 53. Rb8 Kf7 54. Rxe8 1-0

[Event "HUN-chT2 Erkel 0506"]
[Site "Hungary"]
[Date "2005.10.16"]
[Round "1"]
[White "Kovacs, Gyorgy"]
[Black "Szlabey, Geza"]
[Result "1-0"]
[WhiteElo "2144"]
[BlackElo "2082"]
[PlyCount "91"]
[EventDate "2005.10.16"]
[EventType "team"]
[EventRounds "11"]
[EventCountry "HUN"]
[SourceTitle "EXT 2009"]
[Source "ChessBase"]
[SourceDate "2008.11.26"]
[SourceVersion "1"]
[SourceVersionDate "2008.11.26"]
[SourceQuality "1"]
[WhiteTeam "Godollo"]
[BlackTeam "Foti"]
[WhiteTeamCountry "HUN"]
[BlackTeamCountry "HUN"]

1. d4 d5 2. c3 e6 3. Bf4 f5 4. e3 Nf6 5. Nd2 Be7 6. Bd3 0-0 7. Ngf3 c6 8. 0-0 h6 9. Bxb8 Rxb8 10. Ne5 Qe8 11. f4 Nd7 12. Ndf3 Nxe5 13. Nxe5 Bd6 14. Nf3 Qe7 15. b4 Bd7 16. a4 g5 17. Ne5 Bxe5 18. fxe5 Be8 19. b5 c5 20. c4 Bg6 21. cxd5 exd5 22. g4 cxd4 23. gxf5 Qxe5 24. fxg6 dxe3 25. Qg4 Rf2 26. Qg3 Rf4 27. Rae1 Re8 28. Rf3 d4 29. Rxf4 Qxf4 30. Qxf4 gxf4 31. Kg2 Rc8 32. Rd1 Rc3 33. Be2 Kg7 34. Rxd4 Kxg6 35. Rxf4 Kg5 36. Kf3 Ra3 37. h4+ Kg6 38. Rd4 Kf6 39. Bd3 Ke5 40. Kxe3 a6 41. bxa6 bxa6 42. Rb4 Kd5 43. Rb6 Rxa4 44. Rxh6 Ra3 45. Rg6 Ke5 46. h5 1-0

[Event "HUN-chT2 Erkel 0405"]
[Site "Hungary"]
[Date "2005.04.10"]
[Round "10"]
[White "Kovacs, Gyorgy"]
[Black "Vass, Viktor"]
[Result "0-1"]
[WhiteElo "2132"]
[BlackElo "2189"]
[PlyCount "94"]
[EventDate "2004.09.26"]
[EventType "team"]
[EventRounds "11"]
[EventCountry "HUN"]
[SourceTitle "EXT 2009"]
[Source "ChessBase"]
[SourceDate "2008.11.26"]
[SourceVersion "1"]
[SourceVersionDate "2008.11.26"]
[SourceQuality "1"]
[WhiteTeam "Godollo"]
[BlackTeam "Statisztika II"]
[WhiteTeamCountry "HUN"]
[BlackTeamCountry "HUN"]

1. d4 d5 2. Nf3 Nf6 3. Bf4 c5 4. e3 Nc6 5. c3 Qb6 6. Qb3 c4 7. Qxb6 axb6 8. Na3 Bf5 9. Nb5 Ra5 10. a4 e6 11. Be2 h6 12. Bc7 Ra6 13. 0-0 Kd7 14. h3 Be7 15. Be5 Rc8 16. Rfc1 Ne8 17. Bh2 f6 18. Kf1 Rca8 19. Bd1 Na7 20. Nxa7 R8xa7 21. Ra2 b5 22. Rca1 b4 23. cxb4 Bd3+ 24. Kg1 Bxb4 25. b3 b5 26. g4 cxb3 27. Bxb3 Bc4 28. Rb1 Bd6 29. Bxc4 bxc4 30. Bxd6 Nxd6 31. Rb4 Ne4 32. Ra3 Kc6 33. Kf1 Rb6 34. Rxb6+ Kxb6 35. Ke1 Ka5 36. Nd2 Nd6 37. Kd1 Kb4 38. Ra1 Rxa4 39. Rb1+ Kc3 40. Rb6 Ne4 41. Nb1+ Kd3 42. f3 Nc3+ 43. Nxc3 Kxc3 44. Rxe6 Kd3 45. Ke1 c3 46. Rc6 c2 47. Kf2 Rc4 0-1

[Event "HUN-chT2 Erkel 0405"]
[Site "Hungary"]
[Date "2005.03.06"]
[Round "9"]
[White "Kelemen, Gyorgy"]
[Black "Kovacs, Gyorgy"]
[Result "1/2-1/2"]
[WhiteElo "2156"]
[BlackElo "2132"]
[PlyCount "131"]
[EventDate "2004.09.26"]
[EventType "team"]
[EventRounds "11"]
[EventCountry "HUN"]
[SourceTitle "EXT 2009"]
[Source "ChessBase"]
[SourceDate "2008.11.26"]
[SourceVersion "1"]
[SourceVersionDate "2008.11.26"]
[SourceQuality "1"]
[WhiteTeam "Mezokovesd"]
[BlackTeam "Godollo"]
[WhiteTeamCountry "HUN"]
[BlackTeamCountry "HUN"]

1. e4 c5 2. Nf3 a6 3. d4 cxd4 4. Nxd4 Nf6 5. Nc3 e5 6. Nf3 Bb4 7. Bd3 d5 8. Nd2 Bxc3 9. bxc3 dxe4 10. Nxe4 Nxe4 11. Bxe4 Qxd1+ 12. Kxd1 0-0 13. Rb1 Nd7 14. Ba3 Rd8 15. Ke2 Nf6 16. Bxb7 Bxb7 17. Rxb7 Nd5 18. Bb2 Nf4+ 19. Kf3 Rab8 20. Rxb8 Rxb8 21. Rd1 f5 22. Bc1 Ng6 23. g3 Rc8 24. Bb2 Rc6 25. Ke2 h5 26. Rd7 h4 27. Kd2 Kh7 28. Ba3 Rc4 29. Bb4 h3 30. Ra7 Rc6 31. Rd7 e4 32. Rd6 Rc8 33. Rd5 Re8 34. Rxf5 Re5 35. g4 Rxf5 36. gxf5 Ne5 37. Ke2 Kh6 38. Bd6 Nc4 39. Bf4+ g5 40. Bg3 g4 41. Bf4+ Kg7 42. Bg5 Kf7 43. Bh4 Nd6 44. Bg3 Nxf5 45. c4 Ke6 46. c3 Kd7 47. c5 Kc6 48. Bd6 Kb5 49. Kd2 a5 50. Ke2 a4 51. Kd2 Kc4 52. Ke2 Kd5 53. Kd2 a3 54. Ke2 Kc4 55. Kd2 Kb5 56. Ke2 Kc6 57. Kd2 e3+ 58. Ke2 exf2 59. Kxf2 Nxd6 60. cxd6 Kxd6 61. Kg3 Kc5 62. Kxg4 Kc4 63. Kf3 Kxc3 64. Ke3 Kc2 65. Ke2 Kc1 66. Ke1 1/2-1/2

[Event "HUN-chT2 Erkel 0405"]
[Site "Hungary"]
[Date "2004.09.26"]
[Round "1"]
[White "Kovacs, Gyorgy"]
[Black "Ujj, Daniel"]
[Result "1-0"]
[WhiteElo "2132"]
[BlackElo "2162"]
[PlyCount "68"]
[EventDate "2004.09.26"]
[EventType "team"]
[EventRounds "11"]
[EventCountry "HUN"]
[SourceTitle "EXT 2009"]
[Source "ChessBase"]
[SourceDate "2008.11.26"]
[SourceVersion "1"]
[SourceVersionDate "2008.11.26"]
[SourceQuality "1"]
[WhiteTeam "Godollo"]
[BlackTeam "Garancia"]
[WhiteTeamCountry "HUN"]
[BlackTeamCountry "HUN"]

1. d4 Nf6 2. Nf3 d6 3. Nc3 g6 4. e4 Bg7 5. Bg5 c6 6. Qd2 Qa5 7. Bd3 Bg4 8. 0-0 Nbd7 9. b4 Qc7 10. Be2 0-0 11. h3 Bxf3 12. Bxf3 Rad8 13. Ne2 c5 14. bxc5 dxc5 15. c3 Ne5 16. dxe5 Rxd2 17. exf6 Rd7 18. fxg7 Kxg7 19. Bf4 e5 20. Bg3 c4 21. Rfb1 Qc5 22. a4 a6 23. Rb4 Rfd8 24. Kh2 h5 25. Rab1 Qe7 26. h4 f5 27. exf5 e4 28. Rb6 gxf5 29. Bxh5 Rh8 30. Rg6+ Kf8 31. Rbb6 Rh7 32. Nf4 Rd2 33. Ne6+ Ke8 34. Rg8+ Kd7 1-0

[Event "HUN-chT2 Erkel 0304"]
[Site "Hungary"]
[Date "2004.01.25"]
[Round "6"]
[White "Kovacs, Gyorgy"]
[Black "Fabri, Ferenc"]
[Result "0-1"]
[WhiteElo "2158"]
[BlackElo "2235"]
[PlyCount "84"]
[EventDate "2003.09.28"]
[EventType "team"]
[EventRounds "11"]
[EventCountry "HUN"]
[SourceTitle "EXT 2009"]
[Source "ChessBase"]
[SourceDate "2008.11.26"]
[SourceVersion "1"]
[SourceVersionDate "2008.11.26"]
[SourceQuality "1"]
[WhiteTeam "Godollo"]
[BlackTeam "Lang"]
[WhiteTeamCountry "HUN"]
[BlackTeamCountry "HUN"]

1. d4 Nf6 2. Nf3 b6 3. g3 e6 4. Bg2 Bb7 5. 0-0 d5 6. Ne5 Bd6 7. c3 Nbd7 8. Qa4 0-0 9. Nc6 Qe8 10. b3 Nc5 11. dxc5 Bxc6 12. Qh4 Bxc5 13. c4 a5 14. g4 Rd8 15. g5 Ne4 16. Kh1 f6 17. gxf6 Nxf6 18. b4 Be7 19. b5 Bd7 20. Bg5 h6 21. Bxh6 gxh6 22. Qxh6 Rf7 23. Rg1 Rg7 24. Nd2 Ng4 25. Qxg7+ Kxg7 26. Bh3 e5 27. Bxg4 Bxg4 28. Rxg4+ Kf7 29. Rag1 Bf6 30. f3 c6 31. e4 d4 32. a4 cxb5 33. axb5 Qe7 34. f4 Rh8 35. f5 Qb4 36. R1g2 Qc3 37. Rf2 a4 38. Rg3 Qc1+ 39. Rg1 Qc2 40. Ra1 a3 41. Kg2 Rg8+ 42. Kh3 Qd3+ 0-1

[Event "HUN-chT2 Erkel 0304"]
[Site "Hungary"]
[Date "2003.09.28"]
[Round "1"]
[White "Kovacs, Gyorgy"]
[Black "Hoang, Tri"]
[Result "1-0"]
[WhiteElo "2158"]
[BlackElo "2060"]
[PlyCount "47"]
[EventDate "2003.09.28"]
[EventType "team"]
[EventRounds "11"]
[EventCountry "HUN"]
[SourceTitle "EXT 2009"]
[Source "ChessBase"]
[SourceDate "2008.11.26"]
[SourceVersion "1"]
[SourceVersionDate "2008.11.26"]
[SourceQuality "1"]
[WhiteTeam "Godollo"]
[BlackTeam "Barcza"]
[WhiteTeamCountry "HUN"]
[BlackTeamCountry "HUN"]

1. d4 d5 2. Nf3 Nf6 3. c4 c6 4. Nc3 dxc4 5. e4 b5 6. e5 Nd5 7. a4 Nxc3 8. bxc3 e6 9. axb5 cxb5 10. Ng5 Qc7 11. Be2 h6 12. Bf3 Bb7 13. Ne4 Bd5 14. 0-0 Be7 15. Nd6+ Bxd6 16. Bxd5 exd5 17. exd6 Qxd6 18. Re1+ Kd8 19. Ba3 Qg6 20. Qf3 Nd7 21. Qxd5 Kc7 22. Re7 Rad8 23. Bd6+ Kb6 24. Bc7+ 1-0

[Event "HUN-chT2 Erkel 0203"]
[Site "Hungary"]
[Date "2003.04.13"]
[Round "11"]
[White "Starosta, Janos"]
[Black "Kovacs, Gyorgy"]
[Result "1-0"]
[WhiteElo "2188"]
[BlackElo "2187"]
[PlyCount "107"]
[EventDate "2002.09.22"]
[EventType "team"]
[EventRounds "11"]
[EventCountry "HUN"]
[SourceTitle "EXT 2009"]
[Source "ChessBase"]
[SourceDate "2008.11.26"]
[SourceVersion "1"]
[SourceVersionDate "2008.11.26"]
[SourceQuality "1"]

1. c4 c5 2. Nf3 Nc6 3. Nc3 g6 4. d4 cxd4 5. Nxd4 Bg7 6. Nc2 b6 7. e4 Bb7 8. Be2 d6 9. 0-0 Nf6 10. Be3 0-0 11. Rc1 Rc8 12. b3 Ne8 13. Qd2 Nc7 14. f4 Ne6 15. Bf3 Nc5 16. Rfd1 Qe8 17. h3 Rd8 18. b4 Nd7 19. a3 Kh8 20. Ne2 Nf6 21. Ng3 e6 22. Qf2 Qe7 23. Rd3 e5 24. f5 Nb8 25. h4 Rc8 26. Ne1 Rc7 27. Qd2 Rd7 28. Bg5 Nc6 29. h5 Nd4 30. h6 Rc8 31. hxg7+ Kxg7 32. fxg6 Nxf3+ 33. gxf3 fxg6 34. Qh2 Qe6 35. Qh6+ Kg8 36. Rdc3 Rdc7 37. Ng2 Ne8 38. Ne3 Qf7 39. Kg2 Ba6 40. Nd5 Rd7 41. Nf1 b5 42. cxb5 Rxc3 43. Rxc3 Bxb5 44. Nfe3 Ba6 45. Ng4 Kh8 46. Qh4 h5 47. Ngf6 Nxf6 48. Bxf6+ Kh7 49. Be7 Rb7 50. Qg5 Be2 51. Nf6+ Kg7 52. Nxh5+ Kh7 53. Ng3 Bb5 54. Bf6 1-0

[Event "HUN-chT2 Erkel 0203"]
[Site "Hungary"]
[Date "2003.04.06"]
[Round "10"]
[White "Benno, Pal"]
[Black "Kovacs, Gyorgy"]
[Result "0-1"]
[WhiteElo "2230"]
[BlackElo "2187"]
[PlyCount "115"]
[EventDate "2002.09.22"]
[EventType "team"]
[EventRounds "11"]
[EventCountry "HUN"]
[SourceTitle "EXT 2009"]
[Source "ChessBase"]
[SourceDate "2008.11.26"]
[SourceVersion "1"]
[SourceVersionDate "2008.11.26"]
[SourceQuality "1"]

1. d4 d5 2. c4 e5 3. dxe5 d4 4. Nf3 Nc6 5. g3 Be6 6. Nbd2 Qd7 7. Bg2 0-0-0 8. 0-0 h5 9. a3 h4 10. b4 hxg3 11. fxg3 f6 12. c5 Bh3 13. Bxh3 Qxh3 14. Rf2 Nxe5 15. Nxe5 fxe5 16. Nf3 Qh5 17. Qb3 Kb8 18. Bg5 Be7 19. Bxe7 Nxe7 20. Qe6 Nc6 21. b5 Rhe8 22. Qb3 Na5 23. Qb4 b6 24. c6 Qh6 25. Qd2 Qxd2 26. Nxd2 e4 27. Rf4 e3 28. Nf3 d3 29. exd3 a6 30. a4 Rxd3 31. Rd4 Rxd4 32. Nxd4 Re4 33. Ne2 Nb3 34. Rf1 Re7 35. Rf8+ Ka7 36. Kf1 Nc5 37. Nc3 e2+ 38. Nxe2 Nxa4 39. Nf4 Nc3 40. Rd8 Nxb5 41. Rd7 Re4 42. Nd5 a5 43. Nxc7 Nxc7 44. Rxc7+ Ka6 45. Rxg7 Rc4 46. Ke2 a4 47. Kd3 Rxc6 48. h4 Rc8 49. Rf7 a3 50. Rf2 b5 51. Rc2 Rg8 52. Kc3 Ka5 53. Rg2 Ka4 54. g4 b4+ 55. Kd3 b3 56. Rg1 a2 57. Kc3 Ka3 58. Kc4 0-1

[Event "HUN-chT2 Erkel 0203"]
[Site "Hungary"]
[Date "2003.03.23"]
[Round "9"]
[White "Kotel, Tamas"]
[Black "Kovacs, Gyorgy"]
[Result "1-0"]
[WhiteElo "2102"]
[BlackElo "2187"]
[PlyCount "87"]
[EventDate "2002.09.22"]
[EventType "team"]
[EventRounds "11"]
[EventCountry "HUN"]
[SourceTitle "EXT 2009"]
[Source "ChessBase"]
[SourceDate "2008.11.26"]
[SourceVersion "1"]
[SourceVersionDate "2008.11.26"]
[SourceQuality "1"]

1. d4 d5 2. Nf3 Nf6 3. h3 b6 4. Bf4 e6 5. e3 Bd6 6. Bxd6 cxd6 7. c4 0-0 8. Nc3 Ba6 9. b3 Ne4 10. Nxe4 dxe4 11. Nd2 f5 12. Be2 Bb7 13. 0-0 Nd7 14. Kh2 Qg5 15. d5 e5 16. g4 Qh4 17. Qe1 fxg4 18. Bxg4 Nc5 19. f3 Qh6 20. Nxe4 Nxe4 21. fxe4 Rxf1 22. Qxf1 Qxe3 23. Be6+ Kh8 24. Re1 Qg5 25. Re2 Qf4+ 26. Qxf4 exf4 27. Kg2 g5 28. Kf3 Re8 29. Rg2 h6 30. h4 gxh4 31. Rg6 Bc8 32. Bxc8 Rxc8 33. Rxh6+ Kg7 34. Rxh4 b5 35. cxb5 Rc2 36. a4 Rc3+ 37. Kxf4 Rxb3 38. Kf5 Rb4 39. Ke6 Rxa4 40. Kxd6 a5 41. bxa6 Rxa6+ 42. Ke7 Ra7+ 43. Ke8 Ra8+ 44. Kd7 1-0

[Event "HUN-chT2 Erkel 0203"]
[Site "Hungary"]
[Date "2002.12.08"]
[Round "4"]
[White "Istvanovszky, Martin"]
[Black "Kovacs, Gyorgy"]
[Result "0-1"]
[WhiteElo "2037"]
[BlackElo "2190"]
[PlyCount "69"]
[EventDate "2002.09.22"]
[EventType "team"]
[EventRounds "11"]
[EventCountry "HUN"]
[SourceTitle "EXT 2009"]
[Source "ChessBase"]
[SourceDate "2008.11.26"]
[SourceVersion "1"]
[SourceVersionDate "2008.11.26"]
[SourceQuality "1"]

1. e4 c5 2. Nf3 a6 3. c4 d6 4. d4 Bg4 5. d5 g6 6. Nc3 Bg7 7. h3 Bxf3 8. gxf3 Bd4 9. Rg1 Nf6 10. Ne2 Qb6 11. Nxd4 cxd4 12. Bd3 e5 13. Qe2 Nh5 14. b3 Nd7 15. Bd2 a5 16. Rc1 Nc5 17. Rg4 0-0 18. Rb1 Qc7 19. Bc2 Kh8 20. Bh6 Rfe8 21. Qd2 f6 22. h4 Qd7 23. Kf1 b5 24. Bd1 Reb8 25. Be2 b4 26. Kg2 a4 27. Kh2 axb3 28. axb3 Ra3 29. Bd1 Qa7 30. Rb2 Ra1 31. Be2 Qa3 32. Qc2 d3 33. Qd2 dxe2 34. Qxe2 Nd3 35. Rd2 0-1

[Event "HUN-chT2 Erkel 0203"]
[Site "Hungary"]
[Date "2002.10.13"]
[Round "2"]
[White "Kovacs, Gyorgy"]
[Black "Sandor, Jozsef"]
[Result "0-1"]
[WhiteElo "2187"]
[BlackElo "2167"]
[PlyCount "120"]
[EventDate "2002.09.22"]
[EventType "team"]
[EventRounds "11"]
[EventCountry "HUN"]
[SourceTitle "EXT 2009"]
[Source "ChessBase"]
[SourceDate "2008.11.26"]
[SourceVersion "1"]
[SourceVersionDate "2008.11.26"]
[SourceQuality "1"]

1. d4 d6 2. Nf3 Nf6 3. g3 Nbd7 4. c4 e5 5. dxe5 dxe5 6. Bg2 Bb4+ 7. Bd2 Qe7 8. a3 Bxd2+ 9. Qxd2 a5 10. Nc3 c6 11. 0-0 a4 12. Qg5 0-0 13. Ne4 Re8 14. Nxf6+ Nxf6 15. Rfd1 h6 16. Qc1 Bf5 17. Nd2 Rad8 18. e4 Bg4 19. Re1 Qc5 20. Qc2 Rd4 21. Rac1 Red8 22. b4 Qa7 23. Nf1 Rd3 24. h3 Be6 25. Re3 Qd4 26. Rxd3 Qxd3 27. Qc3 Qxc3 28. Rxc3 Rd4 29. f4 exf4 30. gxf4 Nxe4 31. Re3 f5 32. c5 Bd5 33. Bxe4 Bxe4 34. Ng3 Kf7 35. Ne2 Rd3 36. Kf2 g5 37. Rxd3 Bxd3 38. Nc3 Bc2 39. Kg3 Kf6 40. Ne2 Bd1 41. Nd4 Bb3 42. Ne2 Ke6 43. Nc3 Bc2 44. Kf3 Kf6 45. Kg3 Kg6 46. Ne2 Bd3 47. Nc3 Bb5 48. Nd1 Kh5 49. Nc3 gxf4+ 50. Kxf4 Kh4 51. Nxb5 cxb5 52. Kxf5 Kxh3 53. Kg6 Kg4 54. Kxh6 Kf4 55. Kg6 Ke4 56. Kf6 Kd4 57. Ke6 Kc4 58. Kd6 Kb3 59. Kc7 Kxa3 60. Kxb7 Kxb4 0-1

[Event "HUN-chT3 0102"]
[Site "Hungary"]
[Date "2002.03.24"]
[Round "9"]
[White "Gosztolya, Ferenc"]
[Black "Kovacs, Gyorgy"]
[Result "1/2-1/2"]
[WhiteElo "2177"]
[BlackElo "2187"]
[PlyCount "86"]
[EventDate "2001.09.30"]
[EventType "team"]
[EventRounds "11"]
[EventCountry "HUN"]
[SourceTitle "EXT 2004"]
[Source "ChessBase"]
[SourceDate "2003.11.25"]
[SourceVersion "1"]
[SourceVersionDate "2003.11.25"]
[SourceQuality "1"]

1. c4 c5 2. Nf3 Nc6 3. g3 g6 4. Bg2 Bg7 5. 0-0 d6 6. Nc3 Bf5 7. h3 Qd7 8. Kh2 h5 9. d3 Nh6 10. e4 Be6 11. Ng5 Nd4 12. f4 Bf6 13. Rb1 Rb8 14. Bd2 b5 15. Nxe6 fxe6 16. cxb5 Nxb5 17. e5 Bg7 18. Qb3 0-0 19. Ne4 Nd4 20. Qc4 Rfd8 21. exd6 exd6 22. Ng5 Rbc8 23. Rfe1 d5 24. Qc1 c4 25. dxc4 Rxc4 26. Qd1 Nf7 27. Nxf7 Qxf7 28. b3 Rc6 29. Rc1 Rdc8 30. Rxc6 Rxc6 31. Be3 Nc2 32. Re2 Nxe3 33. Rxe3 h4 34. Qg4 hxg3+ 35. Kxg3 Bd4 36. Rd3 Bb6 37. h4 Kf8 38. Rf3 Rc2 39. a4 Bd4 40. Kh3 a5 41. f5 Bf6 42. fxe6 Qe7 43. Rd3 d4 1/2-1/2